Existencialismo marxismo empirismo lógico / (Record no. 27939)

MARC details
000 -LEADER
campo de control de longitud fija 00610nam a22001937a 4500
001 - NÚMERO DE CONTROL
campo de control 00027930
005 - FECHA Y HORA DE LA ÚLTIMA TRANSACCIÓN
campo de control 20260122112058.0
008 - DATOS DE LONGITUD FIJA--INFORMACIÓN GENERAL
campo de control de longitud fija 260122b ag ||||| |||| 00| 0 spa d
040 ## - FUENTE DE CATALOGACIÓN
Centro catalogador/agencia de origen AR-CcCEOS
Lengua de catalogación Español; Castellano
Centro/agencia transcriptor AR-CcCEOS
041 ## - CÓDIGO DE IDIOMA
Código de lengua del texto/banda sonora o título independiente Español; Castellano
080 ## - NÚMERO DE LA CLASIFICACIÓN DECIMAL UNIVERSAL
Número de la Clasificación Decimal Universal 141.82
090 ## - LOCALMENTE ASIGNADO TIPO-LC NÚMERO DE CLASIFICACIÓN (OCLC); NÚMERO DE CLASIFICACIÓN LOCAL (RLIN)
Número cutter local (OCLC) ; Número de libro/Signatura topográfica íntegra, CALL (RLIN) HEI
100 1# - ENTRADA PRINCIPAL--NOMBRE DE PERSONA
Nombre de persona Heidegger, Martin,
Fechas asociadas al nombre 1889-1976
9 (RLIN) 197
245 14 - MENCIÓN DEL TÍTULO
Título Existencialismo marxismo empirismo lógico /
Mención de responsabilidad, etc. Martin Heidegger, Gyorgy Lukacs, Moritz Schlick y Rudolf Carnap.
264 ## - PRODUCCIÓN, PUBLICACIÓN, DISTRIBUCIÓN, FABRICACIÓN Y COPYRIGHT
Producción, publicación, distribución, fabricación y copyright Buenos Aires :
Nombre del de productor, editor, distribuidor, fabricante siglo mundo,
Fecha de producción, publicación, distribución, fabricación o copyright c1969.
300 ## - DESCRIPCIÓN FÍSICA
Extensión 91 p. ;
Dimensiones 18x10 cm.
655 #0 - TERMINO DE INDIZACIÓN--GENERO/FORMA
Datos o término principal de género/forma marxismo
Subdivisión de forma expirismo
Subdivisión general lógico
9 (RLIN) 198
942 ## - ELEMENTOS DE ENTRADA SECUNDARIOS (KOHA)
Fuente de la clasificación o esquema de estantería Clasificación decimal universal
Tipo de ítem Koha Libros
Suprimir en OPAC No
Holdings
Estatus retirado Estado de pérdida Fuente de la clasificación o esquema de estantería Estado de daño No para préstamo Biblioteca de origen Biblioteca actual Fecha de adquisición Número de inventario Total de préstamos Signatura topográfica completa Información codificada de la localización en otra ubicación Colección Código de barras Visto por última vez Precio de reemplazo Tipo de ítem Koha
    Clasificación decimal universal     Biblioteca Julio Serebrinsky Biblioteca Julio Serebrinsky 22/01/2026 44218   141.82 HEI SER 44218 22/01/2026 22/01/2026 Libros